Player's manual for use with The Business strategy game : (Record no. 3181)
[ view plain ]
| 000 -LEADER | |
|---|---|
| fixed length control field | 00752nam a22002172 4500 |
| 001 - CONTROL NUMBER | |
| control field | 0000007366 |
| 005 - DATE AND TIME OF LATEST TRANSACTION | |
| control field | 20151217145836.0 |
| 008 - FIXED-LENGTH DATA ELEMENTS--GENERAL INFORMATION | |
| fixed length control field | 080116s xx 000 0 eng d |
| 020 ## - INTERNATIONAL STANDARD BOOK NUMBER | |
| Terms of availability | KES |
| 040 ## - CATALOGING SOURCE | |
| Original cataloging agency | KABU |
| Transcribing agency | KABU |
| 100 1# - MAIN ENTRY--PERSONAL NAME | |
| Personal name | Thompson, Arthur A. |
| -- | 0000157575 |
| 245 10 - TITLE STATEMENT | |
| Title | Player's manual for use with The Business strategy game : |
| Remainder of title | a global industry simulation. Version 7.20 / |
| Statement of responsibility, etc. | Arthur A. Thompson, Gregory J. Stappenbeck. |
| 250 ## - EDITION STATEMENT | |
| Edition statement | 7th ed. |
| 260 ## - PUBLICATION, DISTRIBUTION, ETC. (IMPRINT) | |
| Place of publication, distribution, etc. | Boston : |
| Name of publisher, distributor, etc. | McGraw-Hill, |
| Date of publication, distribution, etc. | 2002. |
| 300 ## - PHYSICAL DESCRIPTION | |
| Extent | 126 p. |
| 650 #0 - SUBJECT ADDED ENTRY--TOPICAL TERM | |
| Topical term or geographic name as entry element | Corporations |
| General subdivision | Finance |
| -- | Computer simulation |
| -- | Software. |
| -- | 0000158590 |
| 700 1# - ADDED ENTRY--PERSONAL NAME | |
| Personal name | Stappenbeck, Gregory J. |
| -- | 0000158591 |
| 908 ## - PUT COMMAND PARAMETER (RLIN) | |
| Put command parameter | 080116 |
| 950 ## - LOCAL HOLDINGS (RLIN) | |
| -- | 1 |
| Withdrawn status | Lost status | Source of classification or shelving scheme | Not for loan | Home library | Current library | Date acquired | Total Checkouts | Full call number | Barcode | Date last seen | Price effective from | Koha item type |
|---|---|---|---|---|---|---|---|---|---|---|---|---|
| Library of Congress Classification | Kabarak, Main Campus | Kabarak, Main Campus | 17/12/2015 | HG4012.5 .T46 2002 | 011865 | 17/12/2015 | 17/12/2015 | General Collection |